[Event "OGOLNOPOLSKA OLIMPIADA MLODZIEZY<br/>MISTRZOSTWA POLSKI JUNIOROW 2016 - C12"]
[Site "Olecko"]
[Date "2016-05-07"]
[Round "9.6"]
[White "Suder, Jakub"]
[Black "Lichorad, Mateusz"]
[Result "1-0"]
[WhiteTitle "I"]
[BlackTitle "II"]
[WhiteElo "1763"]
[BlackElo "1644"]

1. d4 d5 2. c4 c6 3. cxd5 cxd5 4. Nc3 e6 5. Bf4 Nc6 6. e3 Nf6 7. Bd3 a6 8. Nf3
Be7 9. O-O O-O 10. h3 Bd7 11. Rc1 Rc8 12. Bb1 b5 13. Ne5 Nxe5 14. dxe5 Ne8 15.
e4 b4 16. Ne2 Rxc1 17. Nxc1 Bb5 18. Re1 Nc7 19. Qg4 g6 20. Bh6 Re8 21. Rd1 Bf8
22. Bg5 Be7 23. Bh6 Bf8 24. Be3 Qc8 25. Nb3 Ba4 26. f4 Qb7 27. f5 exf5 28. exf5
Rxe5 29. Bd4 Bg7 30. fxg6 hxg6 31. Bxe5 Bxe5 32. Rf1 Qb6+ 33. Kh1 Kg7 34. Qe2
Bf6 35. Nc1 Qd4 36. b3 Bb5 37. Bd3 Bxd3 38. Nxd3 Ne6 39. Qf2 Qxf2 40. Rxf2 Bc3
41. Nf4 Nxf4 42. Rxf4 f5 43. Kg1 Kf6 44. Kf1 g5 45. Rf3 d4 46. Ke2 Ke5 47. Kd3
a5 48. Rf2 f4 49. Re2+ Kf5 50. Re8 Kf6 51. Ra8 Kg6 52. Rxa5 Kh5 53. Ke4 Kh4 54.
a4 bxa3 55. Rxa3 Kg3 56. Ra2 f3 57. gxf3 Kxh3 58. Ra4 Kg3 59. Rc4 Kf2 60. b4 Ke2
61. b5 d3 62. Rxc3 d2 63. Rd3 d1=Q 64. Rxd1 1-0

[Event "OGOLNOPOLSKA OLIMPIADA MLODZIEZY<br/>MISTRZOSTWA POLSKI JUNIOROW 2016 - C12"]
[Site "Olecko"]
[Date "2016-05-07"]
[Round "9.7"]
[White "Wolaniecki, Patryk"]
[Black "Redzisz, Michal"]
[Result "1/2-1/2"]
[WhiteTitle "I"]
[BlackTitle "II"]
[WhiteElo "1585"]
[BlackElo "1750"]

1. d4 Nf6 2. c4 e6 3. Nc3 Bb4 4. Nf3 O-O 5. e3 d5 6. Bd3 c5 7. dxc5 dxc4 8. Bxc4
Qxd1+ 9. Kxd1 Bxc3 10. bxc3 Ne4 11. Rf1 Nxc3+ 12. Kc2 Ne4 13. Ba3 Re8 14. Nd4
Bd7 15. Rab1 e5 16. Nf3 Ba4+ 17. Bb3 Bc6 18. Ne1 Nd7 19. Nd3 Rac8 20. f3 Nexc5
21. Nxc5 Nxc5 22. Bxc5 Bd7 23. Kd2 Rxc5 24. Rfd1 Bc6 25. Ke2 Kf8 26. Rd2 Ke7 27.
Rbd1 f6 28. Bc2 Bb5+ 29. Kf2 g6 30. Bb3 Rcc8 31. Rd6 Rc7 32. Re6+ Kf8 33. Rxf6+
Kg7 34. Rfd6 Ree7 35. R1d5 Rcd7 36. Rxd7 Bxd7 37. Ra5 a6 38. Bd5 Bb5 39. Ra3 Rc7
40. Be4 Kf6 41. Rb3 Ke6 42. Rb2 Kd6 43. g3 Bc6 44. Bd3 Rf7 45. e4 b5 46. Ke3 Rb7
47. f4 a5 48. f5 b4 1/2-1/2

[Event "OGOLNOPOLSKA OLIMPIADA MLODZIEZY<br/>MISTRZOSTWA POLSKI JUNIOROW 2016 - C12"]
[Site "Olecko"]
[Date "2016-05-07"]
[Round "9.8"]
[White "Koziorowicz, Michal"]
[Black "Poltorak, Sebastian"]
[Result "1/2-1/2"]
[WhiteTitle "I"]
[BlackTitle "II+"]
[WhiteElo "1690"]
[BlackElo "1623"]

1. e4 c6 2. d4 d5 3. e5 Bf5 4. g4 Bd7 5. Be3 e6 6. Nc3 Be7 7. Qd2 Qc7 8. Nf3 b6
9. O-O-O a5 10. h4 b5 11. a4 b4 12. Ne2 c5 13. b3 c4 14. Kb1 Bc6 15. Qc1 Nd7 16.
Qb2 Nb6 17. Qa2 Qd7 18. Nd2 Rb8 19. Ka1 c3 20. Nf3 Bd8 21. Nc1 Be7 22. Bd3 Nc4
23. Rh3 Nb2 24. Rdh1 Bd8 25. g5 Ne7 26. h5 Nxd3 27. Nxd3 Nf5 28. g6 h6 29. Nf4
Qe7 30. Qb1 Kd7 31. gxf7 Qxf7 32. Ng6 Rg8 33. Qd1 Kc8 34. Ne1 Qe8 35. Qb1 Bb6
36. Nf3 Bd8 37. Rg1 Rb7 38. Rg4 Rf7 39. Nf4 Rgf8 40. Ng6 Rg8 41. Ne1 Nxe3 42.
fxe3 Bxa4 1/2-1/2

[Event "OGOLNOPOLSKA OLIMPIADA MLODZIEZY<br/>MISTRZOSTWA POLSKI JUNIOROW 2016 - C12"]
[Site "Olecko"]
[Date "2016-05-07"]
[Round "9.9"]
[White "Babiarz, Arkadiusz"]
[Black "Luczak, Filip"]
[Result "0-1"]
[WhiteTitle "I"]
[BlackTitle "I"]
[WhiteElo "1656"]
[BlackElo "1662"]

1. e4 c5 2. c3 d5 3. exd5 Qxd5 4. d4 Nc6 5. dxc5 Qxd1+ 6. Kxd1 Nf6 7. Nf3 Bg4 8.
Bb5 O-O-O 9. Ke2 e5 10. h3 Bxf3+ 11. gxf3 Bxc5 12. Be3 Bxe3 13. fxe3 e4 14. f4
Ne7 15. Nd2 Nf5 16. Rhg1 a6 17. Bc4 Rd7 18. Rad1 Rhd8 19. Bb3 Rd3 20. Nc4 b5 21.
Ne5 Rxe3+ 22. Kf2 Rxh3 23. Bxf7 Rh2+ 24. Ke1 Rxd1+ 25. Kxd1 g6 26. Kc1 Ne3 27.
Re1 Ng2 28. Rf1 Kc7 29. Bb3 e3 30. Nd3 e2 31. Rg1 Nh5 32. Kd2 Nhxf4 33. Nxf4 Nxf4
34. Re1 Rf2 35. Ke3 Rf1 36. Kd2 Rxe1 37. Kxe1 Nd3+ 38. Kxe2 Nc1+ 39. Ke1 0-1

[Event "OGOLNOPOLSKA OLIMPIADA MLODZIEZY<br/>MISTRZOSTWA POLSKI JUNIOROW 2016 - C12"]
[Site "Olecko"]
[Date "2016-05-07"]
[Round "9.10"]
[White "Kabacinski, Krzysztof"]
[Black "Panek, Bartosz"]
[Result "1-0"]
[WhiteTitle "II"]
[BlackTitle "II"]
[WhiteElo "1636"]
[BlackElo "1473"]

1. e4 c5 2. Nf3 e6 3. d4 cxd4 4. Nxd4 Nf6 5. Bd3 Nc6 6. Nxc6 bxc6 7. O-O Qc7 8.
Nc3 d5 9. Re1 Be7 10. e5 Nd7 11. Qg4 g6 12. Qg3 Bb7 13. a3 O-O-O 14. b4 h5 15.
b5 c5 16. a4 c4 17. Bf1 Rdg8 18. a5 Qd8 19. Be3 Nc5 20. a6 Ba8 21. Bxc5 Bxc5 22.
Na4 Bb6 23. Qf4 Qe7 24. Nxb6+ axb6 25. Qd4 Qc7 26. Ra4 g5 27. Bxc4 g4 28. Re3
Kb8 29. a7+ Kc8 30. Bxd5 Bxd5 31. Rc3 Rd8 32. a8=Q+ Bxa8 33. Rxa8+ Kb7 34. Rxc7+
Kxc7 35. Ra7+ Kc8 36. Qc4+ Kb8 37. Qc7# 1-0

[Event "OGOLNOPOLSKA OLIMPIADA MLODZIEZY<br/>MISTRZOSTWA POLSKI JUNIOROW 2016 - C12"]
[Site "Olecko"]
[Date "2016-05-07"]
[Round "9.11"]
[White "Norek, Bartosz"]
[Black "Fiedorek, Michal"]
[Result "1/2-1/2"]
[WhiteTitle "II+"]
[BlackTitle "I"]
[WhiteElo "1687"]
[BlackElo "1783"]

1. e4 c5 2. Nf3 e6 3. d4 cxd4 4. Nxd4 Bc5 5. Nb3 Bb6 6. Nc3 Ne7 7. Bg5 O-O 8. Qd2
f6 9. Bf4 f5 10. Bd6 Bc7 11. e5 f4 12. Nb5 Bb6 13. c4 a6 14. c5 axb5 15. cxb6
Rf7 16. Bc7 Qe8 17. Bxb5 Nbc6 18. Bxc6 dxc6 19. O-O Nd5 20. Rfd1 Qe7 21. a3 Qh4
22. Nd4 g5 23. Bd8 Qh5 24. Qe2 g4 25. g3 f3 26. Qe1 Ne3 27. Bh4 Ng2 28. Qd2 Nxh4
29. gxh4 Qxh4 30. Nc2 Bd7 31. Ne3 h5 32. Qd6 Rc8 33. a4 Qh3 34. Qd3 h4 35. Qe4
Rg7 36. Rxd7 Rxd7 37. Qg6+ Kh8 38. Qh6+ Rh7 39. Qf6+ Rg7 40. Qh6+ Rh7 41. Qf6+
Rg7 42. Qxe6 Rf8 43. Qh6+ Kg8 44. Qe6+ Rff7 1/2-1/2

[Event "OGOLNOPOLSKA OLIMPIADA MLODZIEZY<br/>MISTRZOSTWA POLSKI JUNIOROW 2016 - C12"]
[Site "Olecko"]
[Date "2016-05-07"]
[Round "9.12"]
[White "Jaszczuk, Hubert"]
[Black "Gorkiewicz, Mateusz"]
[Result "0-1"]
[WhiteTitle "II+"]
[BlackTitle "II"]
[WhiteElo "1545"]
[BlackElo "1721"]

1. e4 e5 2. Nf3 Nc6 3. Bb5 a6 4. Bxc6 dxc6 5. O-O Ne7 6. d4 exd4 7. Nxd4 c5 8.
Nb3 Qxd1 9. Rxd1 Ng6 10. Na5 b6 11. Nb3 Bd7 12. a4 a5 13. Nc3 O-O-O 14. Nd5 Bc6
15. f4 c4 16. f5 cxb3 17. fxg6 bxc2 18. Rd3 Bc5+ 19. Be3 Bxe3+ 20. Rxe3 Bxd5 21.
exd5 hxg6 22. Rc3 Rxd5 23. Rxc2 Rhd8 24. Rac1 Rd1+ 25. Rxd1 Rxd1+ 26. Kf2 Kd7
27. Ke2 Rd4 28. b3 Rb4 29. Rc3 c5 30. Rd3+ Ke6 31. Ke3 Ke5 32. Rc3 f5 33. g3 g5
34. Kf3 g6 35. h3 Kd5 36. Rd3+ Rd4 37. Rc3 Rd1 38. Ke2 Rh1 39. Rd3+ Kc6 40. g4
f4 41. Kf2 Rh2+ 0-1

[Event "OGOLNOPOLSKA OLIMPIADA MLODZIEZY<br/>MISTRZOSTWA POLSKI JUNIOROW 2016 - C12"]
[Site "Olecko"]
[Date "2016-05-07"]
[Round "9.13"]
[White "Trybus, Daniel"]
[Black "Majewski, Krzysztof"]
[Result "0-1"]
[WhiteTitle "II+"]
[BlackTitle "II"]
[WhiteElo "1711"]
[BlackElo "1492"]

1. d4 d5 2. Nc3 Nf6 3. Bd2 e6 4. g3 Nbd7 5. Bg2 c5 6. Nf3 Bd6 7. O-O a6 8. Re1
O-O 9. e4 dxe4 10. Nxe4 Nxe4 11. Rxe4 cxd4 12. Rxd4 Bc5 13. Rh4 f6 14. Ne1 Ne5
15. Nd3 Nxd3 16. cxd3 g5 17. Rh5 Qxd3 18. h4 Rd8 19. Qc1 Bxf2+ 20. Kh1 Qxd2 21.
Qb1 Qd3 22. hxg5 Qxb1+ 23. Rxb1 f5 24. g4 f4 25. Be4 Rd7 26. Kg2 Bg3 27. g6 hxg6
28. Bxg6 Rg7 29. Be4 e5 30. g5 Bg4 31. Bd5+ Rf7 32. Rh6 Kg7 33. Bxf7 Kxf7 34.
Rc1 Rc8 35. Rxc8 Bxc8 36. Kf3 b5 37. Rb6 Bh4 38. Rb8 Be6 39. Rb6 Bxg5 40. Rxa6
Bf5 41. Ra5 e4+ 42. Kg2 f3+ 43. Kg3 Bh4+ 44. Kxh4 f2 45. b4 f1=Q 46. a4 Qf4+ 47.
Kh5 Qg4+ 48. Kh6 Qg6# 0-1

[Event "OGOLNOPOLSKA OLIMPIADA MLODZIEZY<br/>MISTRZOSTWA POLSKI JUNIOROW 2016 - C12"]
[Site "Olecko"]
[Date "2016-05-07"]
[Round "9.14"]
[White "Czechowski, Jakub"]
[Black "Skurniak, Szymon"]
[Result "1-0"]
[WhiteTitle "II"]
[BlackTitle "I"]
[WhiteElo "1652"]
[BlackElo "1694"]

1. e4 c5 2. Nf3 Nc6 3. d4 cxd4 4. Nxd4 Qb6 5. Nb3 Nf6 6. Nc3 d6 7. Be3 Qc7 8. Be2
g6 9. O-O Bg7 10. Re1 O-O 11. Nd5 Nxd5 12. exd5 Ne5 13. Bd4 Bf5 14. c3 a6 15.
f4 Nd7 16. Bxg7 Kxg7 17. g4 Qb6+ 18. Qd4+ Qxd4+ 19. Nxd4 Be4 20. Bc4 Nc5 21. b4
Bd3 22. Bb3 Nxb3 23. axb3 Rfc8 24. Rac1 Kf8 25. f5 Bb5 26. fxg6 hxg6 27. Kf2 Bd7
28. Kg3 Rc7 29. Rc2 b5 30. Ra1 Bc8 31. Nxb5 Rb7 32. Nd4 Rc7 33. Ra5 Bb7 34. c4
Rac8 35. Rca2 Kg7 36. Ne2 Kf6 37. Nc3 e5 38. Ne4+ Ke7 39. Rf2 Rf8 40. Rf6 Rd8
41. Ra2 Rcd7 42. Raf2 Rf8 43. h4 Bc8 44. h5 gxh5 45. gxh5 Rdd8 46. Ng5 Rg8 47.
Rxf7+ Ke8 48. Kh4 Rd7 49. Rxd7 Bxd7 50. h6 e4 51. h7 Rh8 52. Kh5 e3 53. Re2 Kf8
54. Rxe3 a5 55. bxa5 Bf5 56. Rf3 Kg7 57. Rxf5 Rb8 58. Rf7+ Kh8 59. Rf6 Re8 60.
Ne6 Kxh7 61. Rf7+ Kh8 62. Rf8+ Kh7 63. Ng5+ Kg7 64. Rxe8 1-0

[Event "OGOLNOPOLSKA OLIMPIADA MLODZIEZY<br/>MISTRZOSTWA POLSKI JUNIOROW 2016 - C12"]
[Site "Olecko"]
[Date "2016-05-07"]
[Round "9.15"]
[White "Oleksy, Krzysztof"]
[Black "Kacprzak, Karol"]
[Result "1-0"]
[WhiteTitle "I"]
[BlackTitle "I"]
[WhiteElo "1653"]
[BlackElo "1556"]

1. c4 c5 2. g3 Nf6 3. Bg2 d5 4. cxd5 Nxd5 5. Nc3 Nc7 6. Nf3 Nc6 7. O-O e5 8. a3
Be7 9. b4 Be6 10. Rb1 cxb4 11. axb4 a6 12. b5 axb5 13. Nxb5 O-O 14. d3 Nd5 15.
Bd2 f6 16. Nc3 Nxc3 17. Bxc3 Qd7 18. Qd2 Rfb8 19. Rfd1 Ra2 20. Rb2 Rxb2 21. Qxb2
b5 22. Qc1 Rc8 23. Qb1 b4 24. Bb2 Bb3 25. Rc1 Na5 26. Nd2 Be6 27. Qa1 Bd8 28.
h4 Rc7 29. Rxc7 Bxc7 30. Qc1 Bb6 31. Qc2 Qa7 32. e3 Qd7 33. Be4 Ba7 34. Kh2 Bb8
35. Qc5 Qa4 36. Qe7 Qd7 37. Qxb4 Bc7 38. d4 exd4 39. Qxd4 Qe8 40. Bc3 Qh5 41.
Bf3 Qb5 42. Qe4 Ba2 43. Qe7 Qb8 44. Qa3 Bf7 45. Bxa5 Bd6 46. Qc3 Be5 47. Qc6 g6
48. Qa8 Qxa8 49. Bxa8 Kg7 50. Bd8 Be6 51. Ne4 h6 52. Bxf6+ Bxf6 53. Nxf6 Kxf6
54. Kg2 Ke5 55. f4+ Kf6 56. Kf3 Bh3 57. g4 Bf1 58. g5+ hxg5 59. hxg5+ Ke6 60.
Be4 Bb5 1-0

[Event "OGOLNOPOLSKA OLIMPIADA MLODZIEZY<br/>MISTRZOSTWA POLSKI JUNIOROW 2016 - C12"]
[Site "Olecko"]
[Date "2016-05-07"]
[Round "9.16"]
[White "Stolarski, Adam"]
[Black "Dolata, Marcin"]
[Result "1-0"]
[WhiteTitle "I"]
[BlackTitle "II"]
[WhiteElo "1733"]
[BlackElo "1345"]

1. e4 e5 2. Nf3 Nc6 3. Bb5 a6 4. Ba4 Nf6 5. O-O Be7 6. Re1 b5 7. Bb3 O-O 8. a4
Bb7 9. d3 d6 10. Nc3 b4 11. Ne2 a5 12. Ng3 Bc8 13. h3 Be6 14. Be3 Bxb3 15. cxb3
Na7 16. d4 exd4 17. Nxd4 c5 18. Ndf5 Re8 19. Bf4 Nc8 20. Qd3 Ra7 21. Rad1 Rd7
22. Nxe7+ Rexe7 23. Nf5 Re6 24. Bg5 Ne7 25. Nxe7+ Qxe7 26. f3 h6 27. Bxf6 Qxf6
28. Re2 Qd8 29. Red2 Qb6 30. Qc4 Qd8 31. Rd5 Qe7 32. Qd3 Qd8 33. e5 Qb6 34. Kh1
Rg6 35. exd6 Qd8 36. Rd2 Qh4 37. Qe4 Qd8 38. Re5 Qb6 39. h4 h5 40. Rxh5 Qd8 41.
Re5 Re6 42. Rxe6 fxe6 43. Qxe6+ Kh8 44. g3 Qc8 45. Re2 1-0

[Event "OGOLNOPOLSKA OLIMPIADA MLODZIEZY<br/>MISTRZOSTWA POLSKI JUNIOROW 2016 - C12"]
[Site "Olecko"]
[Date "2016-05-07"]
[Round "9.17"]
[White "Ochedzan, Tymon"]
[Black "Paprocki, Stanislaw"]
[Result "1-0"]
[WhiteTitle "II+"]
[BlackTitle "II"]
[WhiteElo "1664"]
[BlackElo "1612"]

1. e4 c5 2. Nf3 e6 3. d4 cxd4 4. Nxd4 Nf6 5. Bd3 d5 6. e5 Nfd7 7. Nxe6 fxe6 8.
Qh5+ Ke7 9. Bg5+ Nf6 10. exf6+ gxf6 11. Bd2 Nc6 12. O-O Qe8 13. Qh4 Qf7 14. f4
Bd7 15. b4 Re8 16. b5 Nb8 17. Bc3 Bc8 18. f5 exf5 19. Re1+ Be6 20. Bxf5 Kd7 21.
Rxe6 Rxe6 22. Nd2 Bc5+ 23. Bd4 Bxd4+ 24. Qxd4 Kd6 25. Qb4+ Kc7 26. Qc5+ 1-0

[Event "OGOLNOPOLSKA OLIMPIADA MLODZIEZY<br/>MISTRZOSTWA POLSKI JUNIOROW 2016 - C12"]
[Site "Olecko"]
[Date "2016-05-07"]
[Round "9.18"]
[White "Swiech, Lukasz"]
[Black "Bien, Hubert"]
[Result "1-0"]
[WhiteTitle "II"]
[BlackTitle "II"]
[WhiteElo "1295"]
[BlackElo "1402"]

1. e4 e6 2. d4 d5 3. Nd2 c5 4. exd5 exd5 5. Ngf3 Nc6 6. Bb5 Bd6 7. dxc5 Bxc5 8.
Nb3 Bd6 9. O-O Nge7 10. Re1 O-O 11. Be3 a6 12. Bd3 f6 13. Bc5 Bg4 14. Be2 Re8
15. Bxd6 Qxd6 16. Nfd4 Bxe2 17. Rxe2 Nxd4 18. Nxd4 Nc6 19. Rd2 Rad8 20. c3 Qc5
21. Nf3 Re4 22. Rc1 Qd6 23. Qc2 Qe6 24. h3 Re8 25. Qb3 Re7 26. Qxd5 Qxd5 27. Rxd5
Re2 28. Rd2 Rxd2 29. Nxd2 Re2 30. Rd1 Kf7 31. Kf1 Re6 32. Nc4 Kg6 33. Re1 Rxe1+
34. Kxe1 b5 35. Ne3 Kf7 36. Nd5 a5 37. Kd2 Ne5 38. Nb6 Ke6 39. a4 Nc4+ 40. Nxc4
bxc4 41. Ke3 Kd5 42. Kf4 g6 43. g4 g5+ 44. Kf5 h6 45. f3 Kc5 46. Kxf6 Kd5 47.
Kf5 Kd6 48. Ke4 Kc5 49. f4 gxf4 50. Kxf4 Kd5 51. Kf5 Kd6 52. h4 Ke7 53. g5 hxg5
54. hxg5 Kf8 55. Ke4 1-0

[Event "OGOLNOPOLSKA OLIMPIADA MLODZIEZY<br/>MISTRZOSTWA POLSKI JUNIOROW 2016 - C12"]
[Site "Olecko"]
[Date "2016-05-07"]
[Round "9.19"]
[White "Skawinski, Szymon"]
[Black "Szatkowski, Pawel"]
[Result "1-0"]
[WhiteTitle "II"]
[BlackTitle "II"]
[WhiteElo "1348"]
[BlackElo "1422"]

1. e4 e6 2. d4 d5 3. e5 c5 4. c3 Nc6 5. Nf3 Qb6 6. Be2 cxd4 7. cxd4 Nge7 8. Na3
Nf5 9. Nc2 Bb4+ 10. Kf1 O-O 11. h4 Be7 12. g3 Qd8 13. Bd3 h6 14. Bxf5 exf5 15.
Kg2 Be6 16. Be3 f6 17. exf6 Bxf6 18. Qd2 Kh7 19. Ng5+ hxg5 20. hxg5+ Kg8 21. gxf6
Qxf6 22. Bg5 Qg6 23. Qf4 Rac8 24. Qh4 Kf7 25. Bf4 Rh8 26. Qg5 Qxg5 27. Bxg5 Ne7
28. Rxh8 Rxh8 29. Re1 g6 30. Na3 a6 31. Bxe7 Kxe7 32. Rc1 Kd6 33. Kf3 g5 34. Ke3
Rh2 35. Rf1 Rh3 36. Nb1 f4+ 37. Kf3 fxg3 38. fxg3 Rh7 39. Rf2 Rf7+ 40. Ke3 Rxf2
41. Kxf2 g4 42. Ke3 Ke7 43. Nc3 b5 44. b4 Kd6 45. Kf4 Bd7 46. Nd1 Ke7 47. Ne3
Be6 48. Nxg4 Kf7 49. Ne3 Kf6 50. g4 Kg6 51. Nf5 Kf6 52. a3 Kg6 53. Ne3 Kf6 54.
g5+ Kg6 55. Ke5 Bc8 56. Nxd5 Kxg5 57. Nb6 Bb7 58. d5 Kg6 59. Ke4 1-0

[Event "OGOLNOPOLSKA OLIMPIADA MLODZIEZY<br/>MISTRZOSTWA POLSKI JUNIOROW 2016 - C12"]
[Site "Olecko"]
[Date "2016-05-07"]
[Round "9.20"]
[White "Retz, Adrian"]
[Black "Wysocki, Mateusz"]
[Result "1-0"]
[WhiteTitle "II"]
[BlackTitle "II"]
[WhiteElo "1387"]
[BlackElo "1469"]

1. e4 c5 2. Nf3 e6 3. g3 Nc6 4. Bg2 d5 5. exd5 exd5 6. d4 Nf6 7. O-O Be7 8. dxc5
Bxc5 9. Re1+ Be7 10. Nc3 O-O 11. h3 h6 12. Be3 Be6 13. Nd4 Nxd4 14. Bxd4 Qa5 15.
Qd2 Rad8 16. Rad1 b6 17. Kh2 Rfe8 18. Bxf6 Bxf6 19. Nxd5 Bxd5 20. Rxe8+ Rxe8 21.
Qxa5 bxa5 22. Bxd5 Re2 23. Bb3 Rxf2+ 24. Kg1 Re2 25. Rd5 Re5 26. Rd7 Re7 27. Rd5
Re5 28. Rd2 Re7 29. c4 Rc7 30. Rc2 g6 31. Kf2 Kg7 32. Kf3 Be5 33. g4 Bd4 34. Ke4
Bb6 35. Kd5 Rc5+ 36. Kd6 f5 37. a3 fxg4 38. hxg4 h5 39. gxh5 gxh5 40. Rh2 a4 41.
Ba2 Kg6 42. Rd2 h4 43. Rd5 h3 44. Rxc5 Bxc5+ 45. Kxc5 h2 46. Bb1+ 1-0

[Event "OGOLNOPOLSKA OLIMPIADA MLODZIEZY<br/>MISTRZOSTWA POLSKI JUNIOROW 2016 - C12"]
[Site "Olecko"]
[Date "2016-05-07"]
[Round "9.21"]
[White "Chudzik, Jakub"]
[Black "Bukala, Norbert"]
[Result "1/2-1/2"]
[WhiteTitle "II+"]
[BlackTitle "II"]
[WhiteElo "1388"]
[BlackElo "1415"]

1. e4 e6 2. d4 d5 3. e5 c5 4. c3 Qb6 5. Nf3 Bd7 6. a3 a5 7. Be2 a4 8. O-O Nc6 9.
Qd3 Na5 10. Nbd2 c4 11. Qc2 Be7 12. Re1 Nh6 13. Rb1 Nf5 14. Nf1 O-O-O 15. Ne3
Nxe3 16. Bxe3 h6 17. Kh1 Qb3 18. Qxb3 Nxb3 19. Nd2 Nxd2 20. Bxd2 f5 21. f4 g5
22. g3 Rdg8 23. Rg1 g4 24. Be3 h5 25. Bf2 h4 26. Kg2 h3+ 27. Kf1 Kc7 28. Ke1 Ra8
29. Kd2 b5 30. Kc2 Rhb8 31. Be1 Rb7 32. Bd2 Bc6 33. Rgc1 Be8 34. Rf1 Bg6 35. Rfe1
Bh7 36. Rf1 Bf8 37. Rfe1 Bg7 38. Bf1 Bh8 39. Re3 Rg8 40. Ree1 Rf8 41. Re3 Rg8
42. Ree1 Rg7 43. Re3 1/2-1/2

[Event "OGOLNOPOLSKA OLIMPIADA MLODZIEZY<br/>MISTRZOSTWA POLSKI JUNIOROW 2016 - C12"]
[Site "Olecko"]
[Date "2016-05-07"]
[Round "9.22"]
[White "Popadowski, Wojciech"]
[Black "Wojtasik, Szymon"]
[Result "0-1"]
[WhiteTitle "II"]
[BlackTitle "II"]
[WhiteElo "1393"]
[BlackElo "1151"]

1. e4 c5 2. Nc3 Nc6 3. f4 g6 4. Nf3 Bg7 5. Bc4 d6 6. O-O e6 7. d3 Nge7 8. Qe1 O-O
9. Qh4 d5 10. Bb3 a6 11. f5 gxf5 12. Bh6 Ng6 13. Qh5 d4 14. exf5 dxc3 15. Bxg7
Kxg7 16. Ng5 Qd4+ 17. Kh1 Qh4 18. Qxh4 Nxh4 19. fxe6 f6 20. Ne4 cxb2 21. Rab1
b6 22. Bd5 Bb7 23. Nd6 Rfd8 24. Bxc6 Bxc6 25. Nf5+ Nxf5 26. Rxf5 Re8 27. Rxb2
Rxe6 28. Rf1 Rb8 29. h3 Re2 30. Rg1 Bb5 31. Kh2 Bxd3 32. Rgb1 Rxc2 33. Rxb6 Rxb6
34. Rxb6 Rxa2 35. Rc6 c4 36. Rc7+ Kg6 37. Kg1 a5 38. h4 a4 39. g4 h5 40. gxh5+
Kxh5 41. Rf7 Kxh4 42. Rg7 f5 43. Rh7+ Kg3 44. Rg7+ Kf3 0-1

[Event "OGOLNOPOLSKA OLIMPIADA MLODZIEZY<br/>MISTRZOSTWA POLSKI JUNIOROW 2016 - C12"]
[Site "Olecko"]
[Date "2016-05-07"]
[Round "9.23"]
[White "Skorupka, Arkadiusz"]
[Black "Gazik, Jakub"]
[Result "0-1"]
[WhiteTitle "III"]
[BlackTitle "II"]
[WhiteElo "1180"]
[BlackElo "1665"]

1. e4 b6 2. d4 Bb7 3. Bd3 Nf6 4. Nc3 e6 5. Nf3 Bb4 6. e5 Ne4 7. Bd2 Nxd2 8. Qxd2
d5 9. a3 Be7 10. O-O-O c5 11. Bb5+ Bc6 12. Bd3 c4 13. Be2 b5 14. Na2 a5 15. c3
Qb6 16. Ng5 Na6 17. Qf4 O-O 18. Bh5 Bxg5 19. Qxg5 b4 20. Qe7 Ra7 21. Qg5 Rb8 22.
axb4 axb4 23. Qd2 b3 24. Kb1 Qa5 25. Nc1 Nb4 26. Bxf7+ Kh8 27. Nxb3 cxb3 0-1